Datum a čas kvízu
31.5
Celkem bodů
Celkový počet nahraných bodů na tomto kvízu bez doplňovacích otázek.
3.
Pořadí na kvízu
Konečné umístění týmu na tomto kvízu.
Zaznamenané odpovědi
| # | Otázka | Odpověď | Body | Výsledky |
|---|---|---|---|---|
| 1. | Grand Prix Architektů - Národn... | v Jihomoravském kraji | 0 | |
| 2. | V belgické obci Lendelede byla... | spodního prádla | 1 | |
| 3. | V pondělí 21. října byla v pra... | o Martina Dejdara | 1 | |
| 4. | Počátkem týdne jsme se dozvědě... | v Dánsku | 1 | |
| 5. | Která česká sportovkyně a olym... | Petra Kvitová | 1 | |
| 6. | Dnešní zeměpisné téma otevírám... | Golčův Jeníkov, Gmünd | 1 | |
| 7. | Které z následujících tvrzení... | B | 1 | |
| 8. | V další otázce bude vaším úkol... | 1A 2D 3C 4B | 1 | |
| 9. | Napište název města obsahující... | Nagasaki | 1 | |
| 10. | V této koláži jsou spojené vla... | Gruzie, Guatemala | 1 |